Giovanni Manfredini : Wainer Vaccari dal 17 ottobre al 12 novembre 1998. Galleria Forni, Bologna.

সংরক্ষণ করুন:
গ্রন্থ-পঞ্জীর বিবরন
অন্যান্য লেখক: Manfredini, Giovanni, (1963- ), Vaccari, Wainer
বিন্যাস: গ্রন্থ
ভাষা:ইতালিয়
প্রকাশিত: \S.l. : s.n., 1998?!
বিষয়গুলি:
ট্যাগগুলো: ট্যাগ যুক্ত করুন
কোনো ট্যাগ নেই, প্রথমজন হিসাবে ট্যাগ করুন!

MARC

LEADER 00000nam a22000007i 4500
001 IT\ICCU\BVE\0155811
003 ItRI
005 20260115232220.0
008 991105s1998 it |||||| ||||| |||||c
040 |b ita  |c importazione bologna sebina 
041 7 |a ita  |2 ISO-639-2 
245 0 0 |a Giovanni Manfredini :  |b Wainer Vaccari dal 17 ottobre al 12 novembre 1998. Galleria Forni, Bologna. 
260 |a \S.l. :  |b s.n.,  |c 1998?! 
300 |a 62 p. :  |b ill. ;  |c 24 cm. 
650 7 |a Vaccari, Wainer  |x Esposizioni  |x 1998  |2 scbi 
700 1 |a Manfredini, Giovanni,  |d  (1963- )  |0 IT\ICCU\BVEV\064283 
700 1 |a Vaccari, Wainer  |0 IT\ICCU\LO1V\160202 
942 |2 ddc  |c BK  |n 0 
952 |0 0  |1 0  |4 0  |6 DOC_700_920000000000000_MAN  |7 0  |9 22127  |a BO  |b BO  |d 2026-01-15  |i 6771  |l 0  |o DOC 700.92 MAN  |p BO6771  |r 2026-01-15 23:22:20  |w 2026-01-15  |x [Sebina 7] [1 v.]  |y BK  |z 1 v. 
999 |c 18913  |d 18913